| 000 | 00714nam a22002417a 4500 | ||
|---|---|---|---|
| 008 | 240620b mp ||||| |||| 00| 0 mon d | ||
| 020 | _a978-99973-1-641-7 | ||
| 035 | _a21046 | ||
| 040 |
_aUM0146080 _bmon _cMN-UlNLM _dMN-UlNLM _erda |
||
| 041 | _amon | ||
| 042 | _a81239 | ||
| 084 |
_2NNA _a84(7Ану) _bК41 |
||
| 100 | _aКинни Ж | ||
| 245 | 0 | _aДүрсгүй жаалын өдрийн тэмдэглэл | |
| 264 |
_aУБ _bЦэнхэр гүзээлзгэнэ ХХК _c2009 |
||
| 300 | _a191х. | ||
| 336 |
_2rdacontent _atext _btxt |
||
| 337 |
_2rdamedia _aunmediated _bn |
||
| 338 |
_2rdacarrier _avolume _bnc |
||
| 490 | _v8 | ||
| 942 |
_2NNA _cBK |
||
| 999 |
_c1054752 _d1054809 |
||